ARRUPE JESUIT UNIVERSITY

CORONAVIRUS -STOP THE SPREAD - CLEAN,DISINFECT,COVER

Interpreting maimonides (Record no. 262)

MARC details
000 -LEADER
fixed length control field 00573nam a2200217Ia 4500
003 - CONTROL NUMBER IDENTIFIER
control field 0100
008 - FIXED-LENGTH DATA ELEMENTS--GENERAL INFORMATION
fixed length control field 130227s9999 xx 000 0 und d
040 ## - CATALOGING SOURCE
Transcribing agency ARRUPELIB
050 ## - LIBRARY OF CONGRESS CALL NUMBER
Classification number B759.M34F68
100 ## - MAIN ENTRY--PERSONAL NAME
Personal name Fox, Marvin
245 ## - TITLE STATEMENT
Title Interpreting maimonides
245 ## - TITLE STATEMENT
Remainder of title studies in methodology, metaphysics and moral philosophy
260 ## - PUBLICATION, DISTRIBUTION, ETC. (IMPRINT)
Place of publication, distribution, etc Chicago
260 ## - PUBLICATION, DISTRIBUTION, ETC. (IMPRINT)
Name of publisher, distributor, etc The University of Chicago Press
260 ## - PUBLICATION, DISTRIBUTION, ETC. (IMPRINT)
-- 1990
300 ## - PHYSICAL DESCRIPTION
Extent 356p.
300 ## - PHYSICAL DESCRIPTION
Other physical details 23 cm
440 ## - SERIES STATEMENT/ADDED ENTRY--TITLE
Title Chicago studies in the history of judaism
650 ## - SUBJECT ADDED ENTRY--TOPICAL TERM
Topical term following geographic name as entry element Borges, Jorge Luis
942 ## - ADDED ENTRY ELEMENTS (KOHA)
Source of classification or shelving scheme Library of Congress Classification
Koha issues (borrowed), all copies 1
Holdings
Withdrawn status Lost status Source of classification or shelving scheme Damaged status Not for loan Collection code Home library Current library Shelving location Date acquired Total Checkouts Full call number Barcode Date last seen Date last borrowed Copy number Price effective from Koha item type
    Library of Congress Classification     Main Collection ARRUPE LIBRARY ARRUPE LIBRARY   27/02/2013 1 B759.M34F68 46400545 19/05/2014 08/05/2014 1 27/02/2013 Monograph ( Printed materials)

 

Arrupe Library. PO Box MP320 Mt Pleasant, Harare, Zimbabwe
263 242 745411|librarian@aju.ac.zw